[Event "It (open)"]
[Site "masterchessopen.com Alella (Spain)"]
[Date "2010.08.19"]
[Round "9"]
[White "Marches Rios Juan (ESP)"]
[Black "Ortega Serra Marc (ESP)"]
[Result "0-1"]
[WhiteElo "2116"]
[BlackElo "2191"]

1.d4 Nf6 2.c4 e6 3.Nf3 d5 4.g3 Bb4+ 5.Bd2 Qe7 6.Nc3 O-O 7.Bg2 Rd8 8.O-O Nc6
9.a3 Bxc3 10.Bxc3 Ne4 11.Qc2 a5 12.Rfd1 a4 13.Rac1 Qf6 14.Be1 Bd7 15.Qd3 Ra6
16.Ne5 Qf5 17.Nxd7 Rxd7 18.cxd5 exd5 19.f3 Nd6 20.Qxf5 Nxf5 21.Bh3 Ncxd4 22.e4
Ne2+ 23.Kf2 Nxc1 24.Bxf5 Re7 25.Rxc1 g6 26.Bc8 dxe4 27.Bb4 Re8 28.Bxb7 Rf6
29.f4 e3+ 30.Ke2 g5 31.Rc4 Rh6 32.h4 gxh4 33.g4 h3 34.g5 Rh4 35.Be1 Rg4 36.Bb4
h2 37.Rc1 Rg1 38.Re1 h6 39.Bc3 hxg5 40.fxg5 Kh7 41.Bf3 Kg6 42.Rf1 Re6 43.Bd5
Rxf1 44.Kxf1 e2+ 45.Ke1 Kf5 46.Bh1 Re3 {#R} 0-1

[Event "It (open)"]
[Site "masterchessopen.com Iasi (Romania)"]
[Date "2010.08.24"]
[Round "8"]
[White "Jianu Vlad-Cristian (ROM)"]
[Black "Berescu Alin (ROM)"]
[Result "1-0"]
[WhiteElo "2504"]
[BlackElo "2465"]

1.d4 e6 2.c4 Nf6 3.g3 d5 4.Nf3 Bb4+ 5.Bd2 Bxd2+ 6.Nbxd2 c6 7.Bg2 Nbd7 8.O-O b6
9.Qc2 Bb7 10.e4 O-O 11.e5 Ne8 12.h4 h6 13.b4 a5 14.a3 Nc7 15.c5 axb4 16.axb4
bxc5 17.dxc5 Ba6 18.Rfe1 Bb5 19.Qb2 Qb8 20.Nd4 Rxa1 21.Qxa1 Qb7 22.N2b3 Bc4
23.Na5 Qxb4 24.Rb1 Qxc5 25.Nb7 Qe7 26.Nxc6 Qe8 27.Nd6 Qa8 28.Ne7+ Kh8 29.Nxc4
Qxa1 30.Rxa1 dxc4 31.Ra7 Nxe5 32.Rxc7 {#r} 1-0

[Event "It (open)"]
[Site "masterchessopen.com Goiania (Brazil)"]
[Date "2010.09.25"]
[Round "4"]
[White "Rodi Luis Ernesto (ARG)"]
[Black "Matsuura Everaldo (BRA)"]
[Result "0-1"]
[WhiteElo "2320"]
[BlackElo "2484"]

1.d4 d5 2.c4 e6 3.Nf3 Nf6 4.g3 Bb4+ 5.Bd2 Be7 6.Bg2 O-O 7.Qc2 c6 8.O-O b6
9.Re1 Ba6 10.cxd5 cxd5 11.Qa4 b5 12.Qd1 Nc6 13.a3 Rc8 14.b4 Ne4 15.Be3 Bb7
16.Nfd2 Nxd2 17.Nxd2 a5 18.bxa5 Nxa5 19.Qb1 Ba6 20.Nb3 Nc4 21.Bc1 Bb7 22.Nd2
Qa5 23.Rd1 Qa4 24.Re1 Nxa3 25.Bxa3 Bxa3 26.Qd3 b4 27.Nb1 Ra8 28.Bf3 Ba6 29.Qd2
Bc4 30.Nxa3 bxa3 31.e4 Qb3 32.Qf4 a2 33.h4 Qc3 34.exd5 exd5 35.h5 h6 36.g4 Ra6
37.Bg2 Rb6 38.Kh2 Rf6 39.Qe3 Qxe3 40.fxe3 Rf2 41.Kg3 Rb2 42.e4 Rfb8 43.exd5
R8b3+ 44.Kf4 Rxg2 45.Re8+ Kh7 46.d6 Rf2+ {#R} 0-1

[Event "It (open)"]
[Site "masterchessopen.com Figueira da Foz (Portugal)"]
[Round "1"]
[White "Pires Gustavo (POR)"]
[Black "Rotstein Arkadij (GER)"]
[Result "0-1"]
[WhiteElo "1931"]
[BlackElo "2542"]

1.d4 Nf6 2.c4 e6 3.Nf3 d5 4.g3 Bb4+ 5.Bd2 Be7 6.Bg2 O-O 7.Qc2 c6 8.O-O Nbd7
9.Bg5 h6 10.Bf4 a5 11.Nbd2 Nh5 12.Ne5 Nxe5 13.dxe5 g5 14.Bf3 Ng7 15.Be3 d4
16.Bxg5 hxg5 17.h4 gxh4 18.Kg2 a4 19.Rh1 Ra5 20.Qe4 f5 21.exf6 Bxf6 22.Qg6 Rg5
{#R} 0-1

[Event "It (open)"]
[Site "masterchessopen.com Pavlodar (Kazakhstan)"]
[Date "2010.12.09"]
[Round "10"]
[White "Temirbaev Serik (KAZ)"]
[Black "Kazakov Konstantin (KAZ)"]
[Result "0-1"]
[WhiteElo "2428"]
[BlackElo "2322"]

1.d4 Nf6 2.c4 e6 3.Nf3 d5 4.g3 Bb4+ 5.Bd2 Bd6 6.Qc2 Nbd7 7.Bg2 O-O 8.c5 Be7
9.O-O Ne4 10.Nc3 f5 11.Be3 c6 12.Rad1 Bf6 13.Bc1 b6 14.cxb6 axb6 15.a3 c5
16.dxc5 bxc5 17.Nxe4 fxe4 18.Ne1 Qb6 19.f3 c4+ 20.Kh1 e3 21.Bh3 Ba6 22.Ng2 d4
23.Nxe3 d3 24.exd3 cxd3 25.Qd2 Nc5 26.Qb4 Rab8 27.Bd2 Nb3 28.Qe4 Nc5 29.Qb4
Qc6 30.Qg4 Rxb2 31.Bb4 Re2 32.Nc4 Re8 33.Nd2 Qb5 34.Bxc5 Qxc5 35.Ne4 Qd4
36.Nxf6+ Qxf6 37.Qa4 Ra8 38.Qc6 Qd8 39.Bxe6+ Kh8 40.Bd5 Ra7 41.Be4 Rc7 42.Qe6
Rcc2 43.f4 Rxh2+ {#R} 0-1

[Event "It (open)"]
[Site "masterchessopen.com Chennai (India)"]
[Date "2011.01.22"]
[Round "7"]
[White "Greenfeld Alon (ISR)"]
[Black "Laxman R R (IND)"]
[Result "1-0"]
[WhiteElo "2573"]
[BlackElo "2451"]

1.Nf3 Nf6 2.c4 e6 3.g3 d5 4.d4 Bb4+ 5.Bd2 a5 6.Bg2 Nc6 7.Qc2 Ne4 8.O-O O-O
9.Rd1 Nxd2 10.Nbxd2 a4 11.Nb1 Be7 12.Nc3 a3 13.b3 Nb4 14.Qd2 Bd7 15.Rac1 c6
16.c5 b5 17.Nxb5 Nxa2 18.Rc2 cxb5 19.Rxa2 Qa5 20.b4 Qa4 21.Rb1 f6 22.Qc3 Qa6
{#r} 1-0

[Event "It (open)"]
[Site "masterchessopen.com Cappelle la Grande (France)"]
[Date "2011.03.02"]
[Round "6"]
[White "Brynell Stellan (SWE)"]
[Black "Delort Frederic (FRA)"]
[Result "1-0"]
[WhiteElo "2491"]
[BlackElo "2193"]

1.d4 d5 2.c4 e6 3.Nf3 Nf6 4.g3 Bb4+ 5.Bd2 a5 6.Bg2 dxc4 7.O-O Nc6 8.e3 O-O
9.Qe2 Bd6 10.Qxc4 e5 11.dxe5 Nxe5 12.Nxe5 Bxe5 13.Bc3 Qe7 14.Bxe5 Qxe5 15.Nc3
Be6 16.Qe2 c6 17.Rfd1 Rad8 18.Rd2 Rxd2 19.Qxd2 h5 20.h3 Re8 21.Rd1 Bf5 22.Qd4
Ne4 23.Qxe5 Rxe5 24.Rd8+ Kh7 25.Bxe4 Bxe4 26.Rd7 Bf5 27.Rxb7 f6 28.Kg2 Kg6
29.Rc7 Rc5 30.e4 Be6 31.Re7 Bg8 32.a3 Bb3 33.f4 Rc4 34.Rd7 Bc2 35.Kf3 c5
36.Ke3 f5 37.e5 {#r} 1-0

[Event "It (open)"]
[Site "masterchessopen.com Ambalangoda (Sri lanka)"]
[Date "2011.04.24"]
[Round "8"]
[White "Mendis W G Chinthaka (SRI)"]
[Black "Abhishek Das (IND)"]
[Result "0-1"]
[WhiteElo "1935"]
[BlackElo "2357"]

1.d4 d5 2.c4 e6 3.Nf3 Nf6 4.g3 Bb4+ 5.Bd2 Be7 6.Nc3 c6 7.Bg2 O-O 8.O-O b6
9.cxd5 cxd5 10.Rc1 Bb7 11.Qb3 Nc6 12.a3 Ne4 13.Rfd1 Rc8 14.Be1 Na5 15.Qa2 Ba6
16.b3 Qd6 17.Nb1 Nc6 18.Bf1 Rc7 19.e3 Bxf1 20.Kxf1 Rfc8 21.Qb2 g5 22.Ne5 Nxe5
23.dxe5 Qd7 24.b4 Qb5+ 25.Kg1 g4 26.Rxc7 Rxc7 27.Rc1 Rxc1 28.Qxc1 Ng5 29.Nd2
Qe2 30.Kg2 h5 31.Qb1 Kg7 32.Qc1 a5 33.bxa5 bxa5 34.Nb3 Nf3 {#R} 0-1

[Event "It (open)"]
[Site "masterchessopen.com Villa de Agueimes (Spain)"]
[Date "2011.04.25"]
[Round "2"]
[White "Buhmann Rainer (GER)"]
[Black "Natalicchio Escalante Nicolas (ESP)"]
[Result "1-0"]
[WhiteElo "2606"]
[BlackElo "2239"]

1.Nf3 Nf6 2.c4 e6 3.g3 d5 4.d4 Bb4+ 5.Bd2 Bd6 6.Bg2 c6 7.Qc2 Nbd7 8.O-O O-O
9.Rd1 Ne4 10.Ne1 f5 11.Nd3 Qe7 12.Bf4 Bxf4 13.Nxf4 Ndf6 14.Nd2 Nxd2 15.Qxd2
Ne4 16.Qc2 Nd6 17.b3 dxc4 18.bxc4 e5 19.dxe5 Qxe5 20.c5 Ne4 21.Qc4+ Kh8
22.Rac1 g5 23.Nd3 Qe6 24.Qc2 b6 25.Qb2+ Qf6 26.Qxf6+ Rxf6 27.cxb6 axb6 28.f3
{#r} 1-0

[Event "It (open)"]
[Site "masterchessopen.com Teplice (Czech Republic)"]
[Date "2011.06.16"]
[Round "6"]
[White "Plischki Sebastian (GER)"]
[Black "Mikes Jan (CZE)"]
[Result "1-0"]
[WhiteElo "2337"]
[BlackElo "1993"]

1.Nf3 Nf6 2.c4 e6 3.g3 d5 4.d4 Bb4+ 5.Bd2 Bxd2+ 6.Qxd2 O-O 7.Bg2 Ne4 8.Qc2 Nc6
9.O-O Nd6 10.Nbd2 a5 11.Rad1 Ra6 12.a3 a4 13.e4 dxe4 14.Nxe4 Nxe4 15.Qxe4 Na5
16.Qc2 Nb3 17.Rfe1 Qf6 18.c5 g6 19.Qc3 c6 20.Ne5 Rd8 21.Rd3 Qe7 22.h4 Bd7
23.Ng4 h5 24.Ne5 Be8 25.Bf3 Qf6 26.Kg2 b6 27.Qc4 b5 28.Qc3 Qg7 29.Bd1 Na5
30.Kh2 f6 31.Nf3 Bf7 32.Be2 Ra7 33.Bf1 Nb3 34.Nd2 Nxd2 35.Qxd2 Rad7 36.Qe3 Rc8
37.Bg2 Rdc7 38.Qf4 e5 39.dxe5 fxe5 40.Qg5 e4 41.Rxe4 Rf8 42.Rd8 Kh7 43.Rxf8
Qxf8 44.Rf4 Qh6 45.Qd8 {#r} 1-0

[Event "It (open)"]
[Site "masterchessopen.com Pornic (France)"]
[Round "4"]
[White "Primel Dominique (FRA)"]
[Black "Gallant Aurelien (FRA)"]
[Result "0-1"]
[WhiteElo "2002"]
[BlackElo "2011"]

1.Nf3 d5 2.d4 Nf6 3.c4 e6 4.g3 Bb4+ 5.Bd2 Bxd2+ 6.Nbxd2 O-O 7.Bg2 Nbd7 8.O-O
b6 9.Qc2 Bb7 10.cxd5 Bxd5 11.e4 Bb7 12.Ng5 h6 13.Ngf3 c5 14.e5 Nd5 15.dxc5
Nxc5 16.Nc4 Ba6 17.Rfd1 Nd7 18.Rac1 b5 19.Ncd2 Rc8 20.Qb1 Qb6 21.Ne4 b4
22.Rxc8 Rxc8 23.Rc1 Rxc1+ 24.Qxc1 Qb8 25.Qc6 Bb5 26.Qd6 Qc8 27.h4 Qc1+ 28.Kh2
Qxb2 29.Nc5 Nf8 30.Qb8 Qxf2 31.Qxb5 Ne3 32.Ne1 Qxe1 33.Be4 Ng4+ 34.Kg2 Qf2+
35.Kh3 h5 {#R} 0-1

[Event "It (open)"]
[Site "masterchessopen.com Dresden (Germany)"]
[Date "2011.08.10"]
[Round "5"]
[White "Bluebaum Matthias (GER)"]
[Black "Glantz Robert (GER)"]
[Result "1-0"]
[WhiteElo "2388"]
[BlackElo "2259"]

1.d4 Nf6 2.c4 e6 3.g3 d5 4.Nf3 Bb4+ 5.Bd2 Bd6 6.Bg2 c6 7.Qc2 O-O 8.O-O Nbd7
9.Rd1 Ne4 10.Bf4 Bxf4 11.gxf4 Nd6 12.Nbd2 Qe7 13.e3 b6 14.Ne5 Bb7 15.c5 Nf5
16.Nxd7 Qxd7 17.Bh3 Nh4 18.Rdc1 Qe7 19.Qd1 f6 20.Qg4 Nf5 21.Qh5 Nh6 22.Nf3
Rac8 23.Kh1 Ba6 24.Nh4 Qe8 25.Qxe8 Rfxe8 26.Rc3 Rc7 27.cxb6 axb6 28.Rac1 g5
29.fxg5 fxg5 30.Rg1 Nf7 31.Nf3 h6 32.Rgc1 Be2 33.Ng1 Bb5 34.b3 Nd8 35.Bg4 Rce7
36.Nf3 Be2 37.Ne5 Bxg4 38.Nxg4 Kg7 39.Ne5 Kf6 40.Nxc6 Nxc6 41.Rxc6 Ra7 42.a4
b5 43.axb5 Rb7 44.R1c5 Kf5 45.Rd6 Ke4 46.Kg2 Kd3 47.b6 Rf7 48.Rc7 Rf6 49.Rdc6
Ref8 50.Rc3+ Ke4 51.Rc2 e5 52.b7 Rb8 53.Re7 Rb6 54.Rc3 {#r} 1-0

[Event "It (open)"]
[Site "masterchessopen.com Dresden (Germany)"]
[Date "2011.08.10"]
[Round "5"]
[White "Heinig Wolfram Dr (GER)"]
[Black "Friedel Joshua E (USA)"]
[Result "0-1"]
[WhiteElo "2321"]
[BlackElo "2518"]

1.d4 Nf6 2.c4 e6 3.g3 d5 4.Nf3 Bb4+ 5.Bd2 Be7 6.Bg2 O-O 7.Qc2 c5 8.cxd5 cxd4
9.Nxd4 Nxd5 10.O-O Bf6 11.Nb3 Nc6 12.a3 Bd7 13.Nc3 Rc8 14.Rac1 Nce7 15.Qb1 Qb6
16.Qa2 Nxc3 17.Bxc3 Bxc3 18.Rxc3 Bb5 19.Rxc8 Rxc8 20.Nc1 Nf5 21.Re1 Nd4 22.Qb1
Ba6 23.Nd3 Rc2 24.Nb4 Rxe2 25.Rxe2 Nxe2+ 26.Kh1 Qxf2 {#R} 0-1

[Event "It (open)"]
[Site "masterchessopen.com Stare Mesto (Czech Republic)"]
[Date "2011.08.12"]
[Round "1"]
[White "Volodin Viktor (RUS)"]
[Black "Vlachopulos Elefteris (CZE)"]
[Result "1-0"]
[WhiteElo "2210"]
[BlackElo "1735"]

1.Nf3 d5 2.d4 Nf6 3.c4 e6 4.g3 Bb4+ 5.Bd2 Bxd2+ 6.Nbxd2 O-O 7.Bg2 c6 8.Qc2
Nbd7 9.O-O Re8 10.Rad1 b6 11.e4 dxe4 12.Nxe4 Nxe4 13.Qxe4 Bb7 14.Ne5 Rc8 15.c5
Rc7 16.Rfe1 Nf6 17.Qc2 b5 18.a4 a6 19.Qd2 Nd5 20.Ra1 Rc8 21.Ra2 Ra8 22.Rea1
Qc7 23.h4 Red8 24.Ra3 Nf6 25.Qf4 Nd5 26.Qg4 Nf6 27.Qd1 Nd7 28.Nf3 Nxc5 29.axb5
Nd7 30.bxa6 Bc8 31.Qc2 Nb6 32.Ng5 g6 33.Qxc6 Qxc6 34.Bxc6 Ra7 35.Rb3 Nc4
36.Rb8 Nd6 37.b4 Rf8 38.b5 Nf5 39.b6 Rxa6 40.Rxa6 Bxa6 41.Rxf8+ Kxf8 42.b7
Bxb7 43.Bxb7 {#r} 1-0

[Event "It (open)"]
[Site "masterchessopen.com Figueres (Spain)"]
[Date "2011.08.18"]
[Round "9"]
[White "Trigo Urquijo Sergio (ESP)"]
[Black "Sabria Batlle Pol (ESP)"]
[Result "0-1"]
[WhiteElo "2237"]
[BlackElo "2230"]

1.d4 Nf6 2.c4 e6 3.Nf3 d5 4.g3 Bb4+ 5.Bd2 a5 6.Bg2 dxc4 7.Qc2 Bxd2+ 8.Nbxd2 b5
9.a4 c6 10.b3 cxb3 11.Nxb3 O-O 12.O-O Ba6 13.axb5 Bxb5 14.Ra3 Nbd7 15.Rc1 a4
16.Nc5 Qe7 17.Ne5 Nxe5 18.dxe5 Nd7 19.Be4 h6 20.f4 Rfd8 21.Rc3 Nxc5 22.Rxc5 a3
23.Ra1 Qd7 24.e3 Bd3 25.Bxc6 Bxc2 26.Bxd7 Be4 27.Bb5 Ra5 {#R} 0-1

[Event "It (open)"]
[Site "masterchessopen.com Stare Mesto (Czech Republic)"]
[Date "2011.08.18"]
[Round "8"]
[White "Chudinovskikh Alexander M (RUS)"]
[Black "Novak Jiri_ (CZE)"]
[Result "1-0"]
[WhiteElo "2275"]
[BlackElo "2020"]

1.d4 Nf6 2.Nf3 e6 3.g3 d5 4.c4 Bb4+ 5.Bd2 Bxd2+ 6.Nbxd2 O-O 7.Bg2 Re8 8.O-O
Nbd7 9.Rc1 c6 10.Qc2 e5 11.cxd5 Nxd5 12.dxe5 Nxe5 13.Nxe5 Rxe5 14.Nc4 Re8
15.Rfd1 Bg4 16.f3 b5 17.e4 bxc4 18.exd5 Qb6+ 19.Kh1 Bd7 20.dxc6 Bxc6 21.Qxc4
Bb5 22.Qc5 Be2 23.Qxb6 axb6 24.Rd2 g6 25.a3 Re3 26.Re1 Rae8 27.Kg1 Bc4 28.Rxe3
Rxe3 29.Kf2 Rb3 30.f4 Kg7 31.Bc6 h5 32.Ba4 Rd3 33.Rxd3 Bxd3 34.Ke3 Bf1 35.Kd4
Kf6 36.Kd5 b5 37.Bc2 g5 38.h4 gxh4 39.gxh4 Bc4+ 40.Kc5 Be2 41.Kd6 Bc4 42.b3
Be2 43.a4 bxa4 44.bxa4 Bc4 45.a5 Be2 46.Kd5 Bf3+ 47.Kd4 Ke6 48.f5+ Kd6 49.a6
{#r} 1-0

[Event "It (open)"]
[Site "masterchessopen.com Nikea (Greece)"]
[Date "2011.08.26"]
[Round "1"]
[White "Gazis Efstathios (GRE)"]
[Black "Fessas Prokopios (GRE)"]
[Result "1-0"]
[WhiteElo "2322"]
[BlackElo "1948"]

1.d4 Nf6 2.c4 e6 3.Nf3 d5 4.g3 Bb4+ 5.Bd2 Be7 6.Bg2 O-O 7.O-O Ne4 8.Bf4 c5
9.Nc3 Nc6 10.cxd5 exd5 11.Rc1 g5 12.Be3 g4 13.Ne5 Nxe5 14.Bxe4 cxd4 15.Qxd4
dxe4 16.Qxe5 Bf6 17.Qh5 Bg7 18.Rfd1 Qf6 19.Nd5 Qxb2 20.Nc7 Rb8 21.Bxa7 b6
22.Bxb8 e3 23.Nd5 exf2+ 24.Kxf2 Bd4+ 25.Ne3 f6 26.Bf4 {#r} 1-0

[Event "It (open)"]
[Site "masterchessopen.com Winterthur (Switzerland)"]
[Date "2011.10.08"]
[Round "1"]
[White "Gleizerov Evgeny (RUS)"]
[Black "Pfister Peter (SUI)"]
[Result "1-0"]
[WhiteElo "2585"]
[BlackElo "2112"]

1.d4 Nf6 2.c4 e6 3.g3 d5 4.Nf3 Bb4+ 5.Bd2 Be7 6.Bg2 O-O 7.O-O Nbd7 8.Bf4 dxc4
9.Qc2 Nd5 10.Qxc4 c5 11.Nc3 Nxf4 12.gxf4 Nb6 13.Qd3 c4 14.Qd2 f5 15.Ne5 Bf6
16.Rfd1 Rb8 17.a4 Bxe5 18.dxe5 Qxd2 19.Rxd2 Nd7 20.Rd4 Nc5 21.Rxc4 b6 22.Rd1
a5 23.Rcd4 Ba6 24.Rd6 Kf7 25.Rc6 Rfc8 26.Rdd6 Rxc6 27.Rxc6 Bc4 28.Rc7+ Kg8
29.Bf1 Bb3 30.e3 Rd8 31.Rc6 Rb8 32.Bb5 Kf7 33.Rc7+ Kg6 34.Kf1 Rd8 35.Ke2 Kh6
36.Rc6 Rb8 37.Rd6 Kh5 38.Kf3 h6 39.Kg3 g5 40.Be2+ Kg6 41.Bd1 Bc4 42.Bc2 Kh5
43.Rd4 gxf4+ 44.Kxf4 Bf1 45.e4 fxe4 46.Nxe4 Kh4 47.Rd6 Bc4 48.Rd4 Bf1 49.b3
Rf8+ 50.Ke3 Kh3 51.Rd6 Nxe4 52.Bxe4 Re8 53.Rxe6 {#r} 1-0

[Event "It (open)"]
[Site "masterchessopen.com Le Touquet (France)"]
[Date "2011.10.26"]
[Round "7"]
[White "Cioara Andrei Nestor (ROM)"]
[Black "Koziak Vitali (UKR)"]
[Result "0-1"]
[WhiteElo "2436"]
[BlackElo "2493"]

1.d4 d5 2.c4 e6 3.Nf3 Nf6 4.g3 Bb4+ 5.Bd2 Be7 6.Bg2 O-O 7.Qc2 c6 8.O-O b6
9.Bf4 Bb7 10.Rd1 Nbd7 11.Ne5 Nh5 12.cxd5 cxd5 13.Nc6 Bxc6 14.Qxc6 Nxf4 15.gxf4
Nf6 16.Nd2 Bd6 17.e3 h6 18.Rac1 g5 19.fxg5 hxg5 20.Nf3 g4 21.Nd2 Kg7 22.e4 Bf4
23.Rc3 Rc8 24.Qb5 Rh8 25.e5 Bxh2+ 26.Kf1 Ng8 27.Rdc1 Rxc3 28.Rxc3 Ne7 29.Nb3
Nf5 30.Qa4 Qe7 31.Nc1 b5 32.Qd1 Qg5 33.Ne2 Bf4 34.Qc2 Rh4 35.Rc8 g3 36.Qc5
gxf2 37.Qf8+ Kg6 38.Qg8+ Ng7 39.Bxd5 Be3 40.Bg2 Qh5 {#R} 0-1

[Event "It (open)"]
[Site "masterchessopen.com Vishakapatnam (India)"]
[Date "2011.11.29"]
[Round "9"]
[White "Maheswaran P (IND)"]
[Black "Sangma Rahul (IND)"]
[Result "0-1"]
[WhiteElo "2292"]
[BlackElo "2357"]

1.d4 Nf6 2.c4 e6 3.g3 d5 4.Nf3 Bb4+ 5.Bd2 Bd6 6.Bg2 O-O 7.O-O c6 8.Qc2 Nbd7
9.Nc3 dxc4 10.Bg5 h6 11.Ne4 Be7 12.Nxf6+ Bxf6 13.Bxf6 Qxf6 14.Qxc4 e5 15.dxe5
Nxe5 16.Qb3 Nxf3+ 17.Bxf3 Qe7 18.Rad1 Be6 19.Qe3 Qb4 20.a3 Qb6 21.Qxb6 axb6
22.Rd4 Rfd8 23.Rfd1 Rxd4 24.Rxd4 Kf8 25.e3 Ke7 26.Kf1 Ra5 27.Ke1 Rc5 28.h4 b5
29.Be2 Bb3 30.Bd1 Rc1 31.Rd3 Bc4 32.Rd2 Rb1 33.b4 Ra1 34.Rb2 Rxa3 35.Bf3 g5
36.hxg5 hxg5 37.Kd2 Kd6 38.Be4 Ke5 39.Bc2 f5 40.f4+ Kf6 41.Rb1 Bd5 42.fxg5+
Kxg5 43.Rf1 Be6 44.Rf4 Ra1 45.Rd4 {#R} 0-1

[Event "It (open)"]
[Site "masterchessopen.com Bogota (Colombia)"]
[Date "2011.12.07"]
[Round "3"]
[White "Ramirez Alejandro (USA)"]
[Black "Rodriguez Rueda Paula Andrea (COL)"]
[Result "1-0"]
[WhiteElo "2595"]
[BlackElo "2145"]

1.d4 Nf6 2.c4 e6 3.g3 d5 4.Nf3 Bb4+ 5.Bd2 Be7 6.Bg2 O-O 7.O-O b6 8.cxd5 exd5
9.Nc3 Bb7 10.Rc1 c5 11.dxc5 bxc5 12.Nh4 Nbd7 13.Nf5 Nb6 14.Bg5 h6 15.Bf4 Qd7
16.Qc2 Rfd8 17.Nxe7+ Qxe7 18.Nb5 c4 19.Rfd1 a6 20.Nd4 Ne4 21.b3 Rac8 22.Bh3
Nd7 23.bxc4 Rxc4 24.Qb2 Ndf6 25.Nf5 Qb4 26.Qxb4 Rxb4 27.Be5 Re8 28.Bd4 Ng5
29.Bf1 Kh7 30.Bxf6 gxf6 31.Rc7 Kg6 32.Nd6 Rb8 33.f4 Ne4 34.f5+ Kg5 35.Nxe4+
dxe4 36.Rxf7 Kxf5 37.Rg7 e3 38.Bh3+ {#r} 1-0

[Event "It (open)"]
[Site "masterchessopen.com Nova Gorica (Slovenia)"]
[Date "2012.01.28"]
[Round "2"]
[White "Tonon Alessandro (ITA)"]
[Black "Petrovic Marko (SLO)"]
[Result "1-0"]
[WhiteElo "2235"]
[BlackElo "1979"]

1.d4 d5 2.c4 e6 3.Nf3 Nf6 4.g3 Bb4+ 5.Bd2 Bxd2+ 6.Nbxd2 O-O 7.Bg2 b6 8.O-O Bb7
9.Qc2 Nbd7 10.Rfd1 Rc8 11.c5 Ba6 12.c6 Nb8 13.e3 Bb5 14.Ne5 a5 15.Rac1 Ne8
16.a4 Ba6 17.e4 f6 18.Nef3 Qd6 19.Re1 Rd8 20.e5 Qe7 21.Nf1 Bc8 22.Ne3 Na6
23.Qc3 Qf7 24.Rc2 Nb4 25.Rd2 Qh5 26.Nc2 Nxc2 27.Rxc2 f5 28.Qd2 h6 29.h3 Ba6
30.Nh2 f4 31.g4 Qf7 32.b4 axb4 33.Qxb4 g5 34.Rc3 Bc4 35.Nf3 Ng7 36.Nd2 Ba6
37.a5 Rb8 38.Qa3 bxa5 39.Qxa5 Rb6 40.Rec1 Qe7 41.Nb3 Bc4 42.Nc5 f3 43.Bxf3 Rf4
44.Qa8+ Qf8 45.Qxf8+ Rxf8 46.Nd7 Rxc6 47.Nxf8 Kxf8 48.Be2 {#r} 1-0

[Event "It (open)"]
[Site "masterchessopen.com Wunsiedel (Germany)"]
[Date "2012.05.19"]
[Round "6"]
[White "Wegerle Joerg (GER)"]
[Black "Ruecker Benjamin (GER)"]
[Result "1-0"]
[WhiteElo "2450"]
[BlackElo "2229"]

1.c4 e6 2.d4 Nf6 3.g3 d5 4.Nf3 Bb4+ 5.Bd2 Be7 6.Bg2 c6 7.Qc2 O-O 8.O-O b6 9.b3
Bb7 10.Bc3 Ne4 11.Bb2 Nd7 12.Nbd2 Nxd2 13.Qxd2 Rc8 14.Rac1 Rc7 15.Rfd1 Qb8
16.Ne1 Rd8 17.Nd3 Nf6 18.c5 Nd7 19.Ba3 Bf8 20.Rc2 Ba6 21.cxb6 axb6 22.Bxf8
Rxf8 23.e4 Bxd3 24.Qxd3 Nf6 25.Rdc1 Rfc8 26.exd5 Nxd5 27.Bxd5 cxd5 28.a4 g6
29.Kg2 h5 30.h4 Rxc2 31.Rxc2 Rxc2 32.Qxc2 Qd6 33.Qc8+ Kg7 34.Qc3 Qa3 35.Qe3
Qb4 36.Kf1 Kg8 37.Qd3 Kg7 38.Ke2 Kg8 39.Kd1 Kh7 40.Kc2 Qe1 41.Qe3 Qa1 42.Qf4
Kg7 43.Qe5+ Kh7 44.Qf6 Qa2+ 45.Kc3 Kg8 46.Qd8+ Kg7 47.Qxb6 Qxf2 48.a5 Qxg3+
49.Kb4 Qxh4 50.a6 Qe1+ 51.Kb5 Qc3 52.a7 Qxb3+ 53.Kc6 Qa4+ 54.Kc7 {#r} 1-0

[Event "It (open)"]
[Site "masterchessopen.com Teplice (Czech Republic)"]
[Date "2012.06.20"]
[Round "5"]
[White "Jedlicka Ales (CZE)"]
[Black "Kolbus Dietmar (GER)"]
[Result "0-1"]
[WhiteElo "2215"]
[BlackElo "2322"]

1.d4 Nf6 2.c4 e6 3.Nf3 d5 4.g3 Bb4+ 5.Bd2 Bxd2+ 6.Nbxd2 O-O 7.Bg2 b6 8.O-O Bb7
9.cxd5 exd5 10.Qc2 Nbd7 11.Rfd1 Re8 12.e3 c6 13.b4 Qe7 14.Qb2 a5 15.a3 axb4
16.axb4 Ba6 17.Rdc1 Bb5 18.Ne5 Nxe5 19.dxe5 Nd7 20.Nf3 Bc4 21.Bh3 Nf8 22.Nd2
b5 23.Nxc4 Rxa1 24.Rxa1 dxc4 25.Bg2 c5 26.bxc5 Qxc5 27.Qd4 Qxe5 28.Bc6 Re6
29.Qxe5 Rxe5 30.Rb1 c3 31.Kf1 Rc5 32.Be4 Ne6 33.Ke2 Kf8 34.Kd1 f5 35.Bd3 Rd5
36.Kc2 Nc5 37.Bxb5 Rd2+ 38.Kxc3 Ne4+ 39.Kc4 Rxf2 40.Kd4 Rxh2 41.Ke5 g6 42.Bc4
Rc2 43.Bd3 Rc5+ 44.Kd4 Ra5 45.Bxe4 Ra4+ 46.Ke5 Rxe4+ 47.Kf6 Rxe3 48.Rb7 Ke8
49.g4 fxg4 50.Rxh7 g3 51.Rh1 g2 52.Rg1 Rg3 53.Ke5 g5 54.Ke6 Kd8 55.Kd6 Kc8
56.Kc6 Rg4 57.Kd6 Kb7 58.Kc5 Kc7 59.Kd5 Kb6 60.Ke5 {#R} 0-1

[Event "It (open)"]
[Site "masterchessopen.com Barbera del Valles (Spain)"]
[Date "2012.07.08"]
[Round "5"]
[White "Sos Andreu Erik (ESP)"]
[Black "Mamedjarova Turkan (AZE)"]
[Result "1-0"]
[WhiteElo "2185"]
[BlackElo "2259"]

1.d4 Nf6 2.c4 e6 3.g3 d5 4.Nf3 Bb4+ 5.Bd2 Bxd2+ 6.Nbxd2 O-O 7.Bg2 c6 8.Qc2
Nbd7 9.O-O Qe7 10.e4 dxe4 11.Nxe4 Nxe4 12.Qxe4 Qb4 13.Qc2 h6 14.Rfe1 b6 15.Ne5
Nxe5 16.Rxe5 Bb7 17.Rd1 Rad8 18.Re3 Rd7 19.Red3 Rfd8 20.Rb3 Qa4 21.Qc3 Ba6
22.Rc1 Rxd4 23.Bf1 Qa5 24.Ra3 Qf5 25.Rxa6 Rd2 26.Qe3 Rxb2 27.Rxa7 Rdd2 28.Bg2
g6 29.Bxc6 Rxf2 30.Ra8+ Kh7 31.Qd4 e5 32.Qe3 h5 33.Rd1 Rfd2 34.Qxd2 Rxd2
35.Rxd2 Qg5 36.Rad8 Qe3+ 37.Kg2 e4 38.Rf2 f5 39.Be8 Qe1 40.Rd7+ Kh6 41.Rd6 e3
42.Rxg6+ Kh7 43.Rxf5 Qe2+ 44.Kh3 Qd1 45.Rf7+ Kh8 46.Rf8+ Kh7 47.Rf7+ Kh8
48.Rf5 Kh7 49.g4 hxg4+ 50.Rxg4 Kh6 51.Rh5# 1-0

[Event "It (open)"]
[Site "masterchessopen.com Rethymno (Greece)"]
[Date "2012.07.08"]
[Round "2"]
[White "Sokratov Stanislav (GER)"]
[Black "Borovikov Vladislav (UKR)"]
[Result "0-1"]
[WhiteElo "2192"]
[BlackElo "2569"]

1.d4 d5 2.c4 e6 3.Nf3 Nf6 4.g3 Bb4+ 5.Bd2 Bd6 6.c5 Be7 7.Nc3 Ne4 8.Bg2 Nxd2
9.Nxd2 O-O 10.O-O Nc6 11.Nf3 b6 12.e4 dxe4 13.Nxe4 Rb8 14.cxb6 cxb6 15.Rc1 Bb7
16.a3 Rc8 17.Qd2 Na5 18.Rxc8 Qxc8 19.Ne5 Rd8 20.Qe3 Qc2 21.Re1 Nc4 22.Nxc4
Qxc4 23.Nd6 Rxd6 24.Bxb7 Qxd4 25.Qxd4 Rxd4 26.Rc1 g6 27.Rc2 a5 28.Kf1 Rd1+
29.Ke2 Ra1 30.Ba6 Bc5 31.h4 Kg7 32.Bc4 Bd4 33.Rd2 e5 34.Bd5 f5 35.Rc2 Bc5
36.Bc4 Kf6 37.Bd5 e4 38.Bg8 h6 39.Rd2 Rh1 40.Bc4 g5 41.hxg5+ hxg5 42.Bd5 Ke5
43.Bc6 Bd4 44.b4 axb4 45.axb4 Bc3 46.Rd5+ Ke6 47.Rd1 Rxd1 48.Kxd1 Bxb4 49.g4
fxg4 50.Bxe4 Ke5 51.Bc6 Kf4 52.Ke2 g3 53.Kf1 Bc5 54.f3 Ke3 55.Kg2 Bd6 {#R} 0-1

[Event "It (open)"]
[Site "masterchessopen.com Oberwart (Austria)"]
[Date "2012.07.12"]
[Round "6"]
[White "Koller Hans-Juergen (AUT)"]
[Black "Uksini Bardhyl (AUT)"]
[Result "1-0"]
[WhiteElo "2078"]
[BlackElo "1890"]

1.d4 Nf6 2.Nf3 e6 3.c4 d5 4.g3 Bb4+ 5.Bd2 Bd6 6.Bg2 c6 7.Qc2 O-O 8.O-O Nbd7
9.Bf4 Bxf4 10.gxf4 b6 11.Nbd2 Bb7 12.Ne5 Rc8 13.Qa4 a6 14.cxd5 b5 15.Qa3 cxd5
16.Rac1 Qb6 17.Nb3 Nxe5 18.fxe5 Ne4 19.Bxe4 dxe4 20.Nc5 Rcd8 21.e3 f5 22.Rc2
f4 23.Rfc1 Rf7 24.Nxb7 Qxb7 25.Qa5 Rdf8 26.Rc7 Qd5 27.Rxf7 Kxf7 28.Qxa6 fxe3
29.Rc7+ Kg6 30.fxe3 Rf5 31.Qb7 Qxa2 32.Rxg7+ Kh5 33.Rxh7+ Kg4 34.Qxe4+ {#r}
1-0